000 00562nam a2200193Ia 4500
008 210417s9999 xx 000 0 und d
020 _a9781138194588
020 _b1138194581
082 _a299.9215 JAM
082 _b22.299.9215 JAM
245 0 _aPrimitive ritual and belief : an anthropological essay
245 0 _cPrimitive ritual and belief an anthropological essay
250 _b"xv, 243p. ;23cm, hbk"
260 _aLondon
260 _b"Methuen and company, limited"
260 _c2016
700 _a"James, Edwin Oliver"
700 _bE.O James
999 _c487080
_d487080